00713nam a2200277Ia 4500008004100000040001200041082001700053082001500070100001800085245004100103250001000144260001100154260003600165260000900201300000800210300000600218300001400224530001700238563001000255600001800265630004100283650003000324650002200354700001800376730004100394160321s9999||||xx |||||||||||||| ||und|| cEnglish aXI.B Menezes bBORI-58182 aJames Menezes a"Equity, Trusts And Specific Relief" bFirst aBombay bVora and Co. Publishers Pvt Ltd c1959 a292 cB eHardbound u00015211.pdf aStudy aJames Menezes a"Equity, Trusts And Specific Relief" a"Social History, Culture" aGeneral Indology  aJames Menezes a"Equity, Trusts And Specific Relief"